Zahraniční obchod České republiky pod vlivem globalizačních jevů a procesů /

Main Author: Fojtíková, Lenka, 1968-
Corporate Author: Vysoká škola báňská - Technická univerzita Ostrava. Ekonomická fakulta
Other Authors: Vahalík, Bohdan
Language: Czech
Published: Ostrava : VŠB-TU Ostrava, 2015
Edition: 1. vydání
Series: Series on Advanced Economic Issue ; 2015, vol. 39
Subjects:
Online Access: Digitalizovaný dokument
Physical Description: xiii, 176 stran : ilustrace (některé barevné) ; 24 cm
Language note: Anglické resumé
Book
Saved in:
LEADER 02513nam a2200613 i 4500
001 nkc20152749223
003 CZ PrNK
005 20190614102050.0
007 ta
008 160203s2015 xr a f 001 0 cze
015 |a cnb002749223 
020 |a 978-80-248-3822-9  |q (brožováno) 
035 |a (OCoLC)944217658 
040 |a ABA001  |b cze  |e rda 
041 0 |a cze  |b eng 
043 |a e-xr--- 
045 |a x9y1 
072 7 |a 339.5  |x Zahraniční obchod. Mezinárodní obchod  |2 Konspekt  |9 4 
080 |a 339.5  |2 MRF 
080 |a 316.422  |2 MRF 
080 |a (437.3)  |2 MRF 
080 |a (048.8)  |2 MRF 
100 1 |a Fojtíková, Lenka,  |d 1968-  |7 mzk2006337229  |4 aut 
245 1 0 |a Zahraniční obchod České republiky pod vlivem globalizačních jevů a procesů /  |c Lenka Fojtíková, Bohdan Vahalík 
250 |a 1. vydání 
264 1 |a Ostrava :  |b VŠB-TU Ostrava,  |c 2015 
300 |a xiii, 176 stran :  |b ilustrace (některé barevné) ;  |c 24 cm 
336 |a text  |b txt  |2 rdacontent 
337 |a bez média  |b n  |2 rdamedia 
338 |a svazek  |b nc  |2 rdacarrier 
490 1 |a Series on Advanced Economic Issue ;  |v 2015, vol. 39 
500 |a Nad názvem: Faculty of Economics, VŠB-TU Ostrava 
500 |a 1326 výtisků 
504 |a Obsahuje bibliografii, bibliografické odkazy a rejstřík 
546 |a Anglické resumé 
648 7 |a 1991-2020  |7 ch771949  |2 czenas 
648 4 |a 1993-2014 
650 0 7 |a zahraniční obchod  |7 ph116729  |z Česko  |y 1991-2020  |2 czenas 
650 0 7 |a globalizace  |7 ph120568  |2 czenas 
650 0 9 |a foreign trade  |z Czechia  |y 1991-2020  |2 eczenas 
650 0 9 |a globalization  |2 eczenas 
655 7 |a monografie  |7 fd132842  |2 czenas 
655 9 |a monographs  |2 eczenas 
700 1 |a Vahalík, Bohdan  |7 jo2015891879  |4 aut 
710 2 |a Vysoká škola báňská - Technická univerzita Ostrava.  |b Ekonomická fakulta  |7 kn20010709388  |4 isb 
810 0 |a Vysoká škola báňská - Technická univerzita Ostrava.  |b Ekonomická fakulta.  |t Series on advanced economic issues  |0 s 
856 4 1 |u http://www.digitalniknihovna.cz/mzk/uuid/uuid:9ed10db0-0456-11e9-a5a4-005056827e52  |y Digitalizovaný dokument  |x NDK 
910 2 |a BOA001  |b 2-1360.289 
928 9 |a Vysoká škola báňská - Technická univerzita 
990 |a BK 
995 |a 01 
991 |b 201602  |c NOV 
996 6 |b 2610658412  |c 2-1360.289  |l MZK  |r Sklad / do 1 hodiny  |n 6  |p p.v.  |w 001541629  |u 000010  |a 1  |e BOA001  |j MZK50  |s P 
996 7 |b 2610683353  |c 2-1360.289  |l MZK  |r Sklad / do 1 hodiny  |n 7  |p kup  |w 001541629  |u 000020  |a 1  |e BOA001  |j MZK50  |s A